| 000 | 00795cab a22002175a 4500 | ||
|---|---|---|---|
| 001 | L158977 | ||
| 008 | 151118e20151024xxk 000 0 eng d | ||
| 035 | _a(Sirsi) u158977 | ||
| 041 | 0 | _aeng | |
| 100 | 1 | _aAnderson, C. | |
| 245 | 0 | 0 | _aTaking part |
| 260 | _c2015 | ||
| 490 |
_aEstates Gazette _v(1542) 24 October 2015, 90-91 |
||
| 520 | _aAdvises investor tenants on the issues raised by long leases of part of premises. Illustrates particular points that need to be covered in the lease including details of the premises, user clause, the tenant's rights to transfer and underlet the premises, insurance and forfeiture. | ||
| 590 | _aKA | ||
| 651 | 4 | _aUnited Kingdom | |
| 690 |
_aLeasing/Letting _96253 |
||
| 690 |
_aLandlord and tenant _96252 |
||
| 700 | 1 | _aStevens, H. | |
| 942 | _n0 | ||
| 999 |
_c84755 _d84755 |
||